• 首页
  • 本馆介绍
  • 公告通知
  • 最新文献
  • 馆藏检索
  • 电子资源
  • 读者导购
  • 参考咨询
  • 我的图书馆
  • 登录
  • 详细信息显示
  • 放入我的书架
  • 预约/预借图书
  • 作者相关作品
  • 分类相关作品
  • 丛书相关作品
  • 出版社相关作品

书目信息

  • 表格格式
  • 工作单格式
  • 卡片格式
题名:
无所畏惧
    
 
作者: 科恩 著 ;卢晓兰 译
分册:  
出版信息: 天津   天津教育出版社  2009
页数: 295页
开本: 24cm
丛书名:
单 册:
中图分类: K712.52
科图分类:
主题词: 罗斯福“新政”--1933-1936--史料 , 罗斯福“新政”
电子资源:
ISBN: 978-7-5309-5818-6
000 00954nam0 2200277 45
001 1129251593
005 20110420092122.33
010    @a978-7-5309-5818-6@dCNY32.00
100    @a20110416d2009 em y0chiy0110 ea
101 1  @achi@ceng
102    @aCN@b120000
105    @ay z 000yy
106    @ar
200 1  @a无所畏惧@AWu Suo Wei Ju@e罗斯福重塑美国的百日新改@ELuo Si Fu Chong Su Mei Guo De Bai Ri Xin Gai@f(美) 亚当·科恩著@F( Mei ) Ya Dang· Ke En Zhu@g卢晓兰译
210    @a天津@c天津教育出版社@d2009
215    @a295页@d24cm
300    @a奥巴马应对当下经济危机的枕边书
510 1  @aNOTHING TO FEAR@zeng
517 1  @a罗斯福重塑美国的百日新改@ALuo Si Fu Chong Su Mei Guo De Bai Ri Xin Gai
606 0  @a罗斯福“新政”@f1933-1936@x史料
606 0  @a罗斯福“新政”
690    @aK712.52@v4
701  1 @a科恩@AKe En@b亚当@4著
702  0 @a卢晓兰@ALu Xiao Lan@4译
801  0 @aCN@bTANGWEI@c20110420
905    @b0537680-84@dK712.52@e33@f5
    
    无所畏惧:罗斯福重塑美国的百日新改/(美) 亚当·科恩著/卢晓兰译.-天津:天津教育出版社,2009
    295页;24cm
    奥巴马应对当下经济危机的枕边书
    
    ISBN 978-7-5309-5818-6:CNY32.00
    
●
相关链接 在E读中查询图书 在五车中查询图书 在当当中查询图书 在豆瓣中查询图书


正题名:无所畏惧     索取号:K712.52/33         预约/预借

序号 登录号 条形码 馆藏地/架位号 状态 备注
1 0537680   205376804   第二样本阅览室/ [索取号:K712.52/33] 在馆    
2 0537681   205376813   第二借阅区/ [索取号:K712.52/33] 在馆    
3 0537682   205376822   第二借阅区/ [索取号:K712.52/33] 在馆    
4 0537683   205376831   第二借阅区/ [索取号:K712.52/33] 在馆    
5 0537684   205376840   第二借阅区/ [索取号:K712.52/33] 在馆    
唐山师范学院图书馆 欢迎您!
大连网信软件有限公司© 版权所有